header

Beyond sweatshops (Record no. 23051)

MARC details
000 -LEADER
fixed length control field 02106nam a22003734a 4500
082 04 - DEWEY DECIMAL CLASSIFICATION NUMBER
Classification number 331.1/09172/4
100 1# - MAIN ENTRY--AUTHOR NAME
Personal name Moran, Theodore H.,
245 10 - TITLE STATEMENT
Title Beyond sweatshops
260 ## - PUBLICATION, DISTRIBUTION, ETC. (IMPRINT)
Place of publication Washington, D.C. :
Name of publisher Brookings Institution Press,
Year of publication c2002.
300 ## - PHYSICAL DESCRIPTION
Number of Pages v, 196 p.
505 0# - FORMATTED CONTENTS NOTE
Formatted contents note Foreign direct investment in low-wage, low-skill activities -- Improving the treatment of workers at the bottom by providing a path up from below -- Core standards for the treatment of workers around the world -- WTO-based enforcement of core labor standards -- Voluntary mechanisms for improving the treatment of workers -- Using foreign investment to shape host-country development -- The impact of outward investment on the home economy of the investor.
650 #0 - SUBJECT ADDED ENTRY--TOPICAL TERM
Topical Term Investments, Foreign, and employment
Topical Term Foreign trade and employment
Topical Term Manufacturing industries
Topical Term Investments, Foreign
Topical Term Investments, Foreign
Topical Term Economic development.
856 40 - ELECTRONIC LOCATION AND ACCESS
Uniform Resource Identifier http://site.ebrary.com/lib/rucke/Doc?id=10026289

No items available.

© 2026 Rongo University
Contact us: librarian | system librarian | Rongo university